[Event "Ch Commonwealth"]
[Site "masterchessopen.com New Delhi (India)"]
[Date "2007.12.09"]
[Round "9"]
[White "Vijaya Kanth K"]
[Black "Sumant Subramaniam (MAS)"]
[Result "0-1"]
[WhiteElo "2110"]
[BlackElo "1956"]

1.d4 Nf6 2.Nf3 e6 3.g3 d5 4.Bg2 Be7 5.c4 dxc4 6.Qa4+ Bd7 7.Qxc4 Bc6 8.Nc3 Nbd7
9.O-O O-O 10.Qd3 a6 11.a3 Re8 12.Rd1 Bd6 13.e4 e5 14.d5 Bb5 15.Nxb5 Nc5 16.Qe2
axb5 17.Nh4 Nb3 18.Rb1 Nd4 19.Qd3 Bc5 20.Be3 c6 21.Bxd4 Bxd4 22.Nf5 Bb6
23.Rbc1 Ng4 24.Rc2 g6 25.Nh4 Ra4 26.Qf3 Qg5 27.h3 Rc4 28.Re2 Nf6 29.b3 Rd4
30.Rxd4 Bxd4 31.dxc6 bxc6 32.Rc2 c5 33.Bf1 Rb8 34.Kh2 Ne8 35.Ng2 Qf6 36.Qe2
Nd6 37.f3 Qe6 38.b4 cxb4 39.axb4 Qb3 40.Rc6 Nc4 41.f4 Qxb4 42.fxe5 Nxe5 43.Rc7
Bb6 44.Rc2 Qd4 45.g4 Nc4 46.e5 Nxe5 47.g5 Nc4 48.h4 Bc7+ 49.Kh1 Qd6 50.Ne1 Qg3
51.Nf3 Bb6 52.Qe4 Ne3 53.Rc1 Ng4 54.Qe2 Nf2+ 55.Qxf2 Qxf2 56.Bg2 b4 57.Rb1 Bc5
58.Rf1 Qg3 59.Rc1 b3 {#R} 0-1

[Event "It (open)"]
[Site "masterchessopen.com New Delhi (India)"]
[Date "2008.01.13"]
[Round "2"]
[White "Safin Shukhrat (UZB)"]
[Black "Kulkarni Rakesh (IND)"]
[Result "1-0"]
[WhiteElo "2510"]
[BlackElo "2146"]

1.d4 d5 2.c4 e6 3.Nf3 Nf6 4.g3 Be7 5.Bg2 dxc4 6.Qa4+ Bd7 7.Qxc4 Bc6 8.Nc3 Nbd7
9.O-O O-O 10.Qd3 Rb8 11.Rd1 b5 12.Ne5 Bxg2 13.Kxg2 Nxe5 14.dxe5 Ng4 15.f4 Qxd3
16.Rxd3 Rfd8 17.Rxd8+ Rxd8 18.Nxb5 Rd1 19.Nc3 Rd4 20.h3 Nh6 21.g4 Bb4 22.Be3
Rc4 23.Rd1 Kf8 24.Nb5 a6 25.Nd4 Bc5 26.Kf3 Ng8 27.Nc6 g6 28.Rc1 Rxc1 29.Bxc1
Ke8 30.Bd2 Kd7 31.Nb8+ Kc8 32.Nxa6 Bb6 33.Bb4 Kb7 34.Nc5+ Kc6 35.Ne4 Bd4 36.b3
Kb5 37.Bf8 h6 38.h4 f5 39.exf6 Nxf6 40.Bxh6 Nxe4 41.Kxe4 c5 42.h5 gxh5 43.gxh5
{#r} 1-0

[Event "Match \"]
[Site "masterchessopen.com Tallinn (Estonia)"]
[Date "2008.01.13"]
[Round "1"]
[White "Nyback Tomi (FIN)"]
[Black "Kanep Meelis (EST)"]
[Result "1-0"]
[WhiteElo "2639"]
[BlackElo "2524"]

{ Nyback Tomi (FIN) +1 =0 -0 Kanep Meelis (EST) +0 =1 -1 } 1.d4 Nf6 2.c4 e6
3.g3 d5 4.Bg2 Be7 5.Nf3 dxc4 6.O-O { ?/= } 6...a6 ( 6...O-O 7.Qc2 a6 8.Qxc4 b5
9.Qc2 Bb7 10.Bd2 Be4 11.Qc1 Bb7 12.Bf4 Bd6 13.Nbd2 Nbd7 14.Nb3 Bd5 15.Rd1 Qe7
16.Ne5 Bxg2 17.Kxg2 Nd5 18.Nc6 Nxf4+ 19.Qxf4 Qe8 20.Qf3 e5 21.dxe5 Nxe5
22.Nxe5 Qxe5 23.Rd2 Rae8 24.e3 Re6 25.Rad1 Rf6 26.Qd5 { ...1/2-1/2, Kasparov
Garry 2849 - Kramnik Vladimir 2770 , London 2000 Ch World (match) "Braingames"
} ) ( 6...Nbd7 7.Nfd2 Nb6 8.Nxc4 Nxc4 9.Qa4+ Nd7 10.Qxc4 Nb6 11.Qd3 O-O 12.Nc3
Nd5 13.Rd1 b6 14.e4 Nb4 15.Qb1 Rb8 16.Bf4 Bg5 17.a3 Na6 18.Bxg5 Qxg5 19.b4 c5
20.f4 Qh6 21.Nb5 Bd7 22.Qd3 Bxb5 23.Qxb5 Nc7 24.Qd7 Rbc8 25.dxc5 bxc5 26.bxc5
{ ...1/2-1/2, Krasenkow Michal 2605 - Huebner Robert Dr 2595 , Polanica Zdroj
1996 Memorial A.Rubinstein } ) 7.Ne5 Nbd7 ( 7...O-O 8.Nxc4 Nc6 9.e3 Rb8 10.Nc3
Qe8 11.e4 b5 12.Ne3 b4 13.Ne2 e5 14.d5 Na5 15.b3 Bd6 16.Bb2 Ng4 17.Nf5 Bxf5
18.exf5 Nf6 19.h3 Rb5 20.Qd2 Nb7 21.Rfe1 Qd8 22.g4 h6 23.Ng3 Re8 24.Re2 Nc5
25.Rae1 Nfd7 26.Ne4 Nxe4 27.Rxe4 { ...1-0, Filippov Valerij 2595 - Peregudov
Nickolai 2435 , Krasnoyarsk 1998 Cup Russia } ) 8.Nxc4 O-O 9.Nc3 c6 ( 9...c5
10.Bf4 Nb6 11.Nxb6 Qxb6 12.Na4 Qa5 13.Nxc5 Bxc5 14.dxc5 Rd8 15.Qc2 Nd5 16.Bg5
f6 17.Bd2 Qc7 18.Be4 h6 19.Rfd1 f5 20.Bf3 Bd7 21.Rac1 Bc6 22.Qc4 Qf7 23.Bc3 g5
24.Be5 Bb5 25.Qc2 Nb4 26.Qb3 Nc6 27.Qe3 Nb4 28.Rd6 Bc6 29.Qd2 { ...1-0,
Gonzalez Juan Carlos 2509 - Dominguez Aguilar Guillermo 2339 , Pachuco 2003
Tournament } ) 10.a4 ( 10.a3 Nd5 11.Bd2 b5 12.Na5 Qb6 13.Rc1 Bb7 14.Ne4 Rab8
15.b4 Qxd4 16.Nxb7 Rxb7 17.Rxc6 Rb6 18.Rc2 Rbb8 19.Qc1 Ne5 20.Nc3 Nb6 21.Be3
Qg4 22.Ne4 Nec4 23.Bc5 Rfe8 24.Rd1 Na4 25.Bxe7 Rxe7 26.Nc5 Nxc5 27.bxc5 Qf5
28.c6 Rc8 29.Rc3 Ree8 { ...1-0, Sunye Neto Jaime 2535 - Abdul Ghafour Zayed
2052 , Moscow 1994 Olympiad } ) 10...Nb6 { N } ( 10...a5 11.Qb3 ( 11.e4 Nb6
12.Ne3 Qc7 13.Qb3 Nfd7 14.Qc2 Nb8 15.b3 Na6 16.Qb1 Nb4 17.Rd1 f5 18.Nc2 e5
19.Nxb4 Bxb4 20.Qc2 exd4 21.Nb5 d3 22.Rxd3 Qe7 23.Nc3 Be6 24.Be3 Nd7 25.Rdd1
Nc5 26.Bxc5 Qxc5 27.Rac1 f4 28.gxf4 Rxf4 29.Qb2 Ba3 30.Qd2 { ...0-1,
Deslauriers J - Vranesic Zvonko 2320 , Tel Aviv 1964 Olympiad } ) 11...Nd5
12.e4 Nb4 13.Bf4 b6 14.Na2 Ba6 15.Nxb4 Bxb4 16.Rfc1 Qe7 17.e5 g5 18.Be3 Rac8
19.Qd1 Kh8 20.Be4 Rg8 21.Bxh7 Rg7 22.Bd3 Bb7 23.Bd2 Bxd2 24.Qxd2 Rd8 25.Nd6
Ba8 26.Be4 c5 27.Bxa8 Rxa8 28.Rd1 f6 29.exf6 Qxf6 30.Nc4 { ...1-0, Ulibin
Mikhail 2580 - Beckmann Klaus 2297 , Bad Wiessee 28.10.2001 It (open) } ) (
10...Nd5 11.a5 b5 12.axb6 N7xb6 13.Na5 Qc7 14.e4 Nf6 15.Bf4 Qd7 16.Qb3 Bd8
17.Rfc1 Nh5 18.Be3 Rb8 19.e5 Bc7 20.Nxc6 Rb7 21.Na5 Rb8 22.Nc6 Rb7 23.Qd1 g6
24.g4 Ng7 25.Ne4 Nd5 26.Nf6+ Nxf6 27.exf6 Ne8 28.Ne7+ Kh8 29.Nxc8 Qxc8 30.Bxb7
{ ...1-0, Araque Rafael 2388 - Mateus Martha 2235 , Cali 2001 Ch American
Continent } ) 11.Ne5 { +0.29 CAP } 11...Nbd7 12.Nd3 a5 13.e4 b6 14.f4 Ba6
15.Be3 Rc8 16.Rc1 c5 17.e5 cxd4 18.Bxd4 Nb8 19.Ne2 Rxc1 20.Ndxc1 Nd5 21.Qb3
Nc6 22.Bf2 Ncb4 23.Rd1 Qc7 24.Nd4 Rc8 25.Nce2 Bxe2 26.Nxe2 Bc5 27.Nd4 Bxd4
28.Bxd4 g6 29.Be4 Qc4 30.Qf3 Nc2 31.Bf2 Qxa4 32.Bxd5 exd5 33.Qxd5 Nb4 34.Qd6
Qb3 35.Qd7 Kg7 36.Rd6 { ?! } ( 36.e6 { !? } 36...Qxe6 37.Qxe6 fxe6 38.Bxb6 Rc2
39.Rd7+ Kg8 40.b3 Rc1+ 41.Kg2 Rb1 42.Bxa5 Rxb3 { } ) 36...Rc1+ 37.Kg2 Qc4 { ??
} ( 37...Rc2 38.Qd8 Qe3 39.Qf6+ Kh6 40.Qg5+ Kg7 41.Qf6+ Kh6 42.Qg5+ Kg7
43.Qf6+ Kh6 44.Qg5+ Kg7 { } ) 38.e6 Qe4+ 39.Kh3 Qf5+ 40.g4 Qxf4 41.Bd4+ Kh6
42.Qxf7 { } {#r} 1-0

[Event "Ch PriFO"]
[Site "masterchessopen.com Kazan (Russia)"]
[Date "2008.01.28"]
[Round "6"]
[White "Askarov Marat (RUS)"]
[Black "Ibraev Vasilij (RUS)"]
[Result "1-0"]
[WhiteElo "2512"]
[BlackElo "2284"]

1.d4 Nf6 2.c4 e6 3.g3 d5 4.Nf3 dxc4 5.Bg2 Be7 6.O-O O-O 7.Qc2 a6 8.a4 Nbd7
9.Qxc4 c5 10.dxc5 Bxc5 11.b4 Be7 12.Rd1 Qe8 13.Nc3 Nb6 14.Qb3 Nbd5 15.Bb2 Nxb4
16.Ne5 Nc6 17.Nc4 Bc5 18.e3 Qe7 19.Ne4 Nxe4 20.Bxe4 Nb4 21.a5 Nd5 22.Rac1 Nf6
23.Bf3 Bd7 24.Nb6 Rad8 25.Bxf6 {#r} 1-0

[Event "Ch PriFO"]
[Site "masterchessopen.com Kazan (Russia)"]
[Round "9"]
[White "Pushkin Eduard (RUS)"]
[Black "Yaksin Oleg (RUS)"]
[Result "1-0"]
[WhiteElo "2200"]
[BlackElo "2345"]

1.c4 e6 2.Nf3 Nf6 3.g3 Be7 4.Bg2 d5 5.d4 dxc4 6.O-O Nc6 7.Qa4 O-O 8.Qxc4 a6
9.e3 Bd7 10.Qe2 Nb4 11.Nc3 c5 12.Ne5 cxd4 13.exd4 Bc6 14.Nxc6 Nxc6 15.Be3 Rb8
16.Rfd1 Nb4 17.Bf4 Bd6 18.Bg5 h6 19.Bxf6 Qxf6 20.a3 Nc6 21.Bxc6 bxc6 22.b4 Ra8
23.Qe4 Rfc8 24.Na4 Qd8 25.Nc5 Qe7 26.Nb3 Qg5 27.Rac1 Qd5 28.Qe3 h5 29.h4 g6
30.Rd3 Bc7 31.Rdc3 Bb6 32.Qf3 Qxf3 33.Rxf3 a5 34.Rc4 axb4 35.Rxb4 Rab8 36.Rc3
Ba7 37.Rbc4 Rd8 38.a4 Kg7 39.a5 Rd5 40.Ra4 Rdb5 41.Ra3 Rb4 42.Kg2 Bxd4 43.Nxd4
Rxd4 44.Rxc6 Rd7 45.a6 Ra8 46.Kf3 Raa7 47.Ra2 Kf6 48.Ke3 Ke7 49.Rb6 Kd8 50.Ke4
Ke7 51.Rc2 Rd6 52.Rb7+ Rd7 53.Rxa7 Rxa7 54.Ra2 Kd6 55.Kf4 f6 56.f3 Kd5 57.g4
Kd4 58.Ra4+ Kc5 59.g5 e5+ 60.Ke4 Kb5 61.Ra1 fxg5 62.hxg5 Rxa6 63.Rxa6 Kxa6
64.Kxe5 Kb7 65.f4 Kc7 66.f5 Kd7 67.Kf6 h4 68.fxg6 h3 69.g7 h2 70.g8=Q h1=Q
71.Qe6+ Kd8 72.g6 Qa1+ 73.Kf7 Qa7+ 74.Kf8 Qc5+ 75.Kg8 Qf2 76.Qf7 Qh4 77.g7 Qh2
78.Qe6 Qh5 79.Qf6+ Kc8 80.Qf8+ {#r} 1-0

[Event "Tournament (team) \"]
[Site "masterchessopen.com Belgrade (Serbia)"]
[Date "2008.02.20"]
[Round "5"]
[White "Lajthajm Borko (SRB)"]
[Black "Stojanovic Marija (MNE)"]
[Result "1-0"]
[WhiteElo "2498"]
[BlackElo "2199"]

1.d4 d5 2.Nf3 Nf6 3.g3 e6 4.Bg2 Be7 5.c4 dxc4 6.Qa4+ Nbd7 7.O-O O-O 8.Qxc4 Nb6
9.Qc2 Bd7 10.Ne5 c6 11.a3 a5 12.e4 Be8 13.Rd1 Nfd7 14.Nd3 Qc8 15.Be3 f6 16.Bh3
Bf7 17.Nf4 Nb8 18.d5 cxd5 19.Qxc8 Nxc8 20.Nxe6 Bxe6 21.Bxe6+ Kh8 22.Bxd5 Nd6
23.Bc5 {#r} 1-0

[Event "Ch Georgia (w)"]
[Site "masterchessopen.com Tbilisi (Georgia)"]
[Date "2008.03.04"]
[Round "6"]
[White "Khotenashvili Bela (GEO)"]
[Black "Tereladze Sopiko (GEO)"]
[Result "1-0"]
[WhiteElo "2350"]
[BlackElo "2276"]

1.d4 d5 2.Nf3 Nf6 3.g3 e6 4.Bg2 Be7 5.c4 dxc4 6.Nc3 O-O 7.Ne5 c5 8.dxc5 Qxd1+
9.Nxd1 Bxc5 10.Nxc4 Nc6 11.Nc3 Bd7 12.O-O Rfd8 13.Bf4 h6 14.Rac1 Ne8 15.Rfd1
g5 16.Ne4 Be7 17.Bd6 Nxd6 18.Ncxd6 Bc8 19.Nb5 a6 20.Rxd8+ Bxd8 21.Nbd6 Be7
22.Rd1 Kf8 23.Nc4 Rb8 24.Nb6 Bd8 25.Nxc8 Rxc8 26.Nd6 Rc7 27.Bxc6 bxc6 28.Nxf7
Bf6 29.Nxh6 Bxb2 30.Ng4 c5 31.Rb1 Bd4 32.e3 Bg7 33.e4 Bd4 34.Kf1 c4 35.Ke2 Rc5
36.Rc1 Ra5 37.Rc2 Ra3 38.h4 gxh4 39.gxh4 c3 40.Kd3 Bh8 41.e5 Ra5 42.f4 Ra4
43.Ke3 Kf7 44.Rxc3 Rxa2 45.h5 Bg7 46.Rc7+ Kf8 47.h6 Bxh6 48.Nxh6 a5 49.f5 exf5
50.Nxf5 Ra3+ 51.Ke4 Ra1 52.e6 Re1+ 53.Kd5 {#r} 1-0

[Event "Ch UrFO (open)"]
[Site "masterchessopen.com Ekaterinburg (Russia)"]
[Date "2008.03.18"]
[Round "4"]
[White "Akimov Ivan (RUS)"]
[Black "Schipachev Viktor (RUS)"]
[Result "1-0"]
[WhiteElo "2378"]
[BlackElo "2115"]

1.d4 Nf6 2.Nf3 e6 3.c4 d5 4.g3 dxc4 5.Bg2 Be7 6.O-O O-O 7.Qc2 a6 8.a4 Bd7
9.Bg5 Bc6 10.Bxf6 Bxf6 11.Qxc4 Nd7 12.Nc3 Nb6 13.Qd3 Qd7 14.Qc2 Rfe8 15.Rfd1
Bxf3 16.Bxf3 c6 17.a5 Nd5 18.Ne4 Be7 19.Nc5 Qc7 20.e4 Nf6 21.Nd3 Red8 22.Qc3
Rac8 23.b4 Ne8 24.Rac1 Qb8 25.Nc5 Nc7 26.Na4 Nb5 27.Qb2 Qd6 28.Rc4 Bf8 29.Kg2
g6 30.e5 Qe7 31.Nc5 Bg7 32.Qe2 Rb8 33.h4 Na3 34.Rc3 Nb5 35.Rcd3 Nc7 36.h5 b6
37.axb6 Rxb6 38.hxg6 hxg6 39.Qe4 Nd5 40.Bg4 Rxb4 41.Nxe6 Re8 42.Nxg7 Kxg7
43.Qf3 Rc4 44.R3d2 Rb8 45.Ra1 Rb6 46.Qe2 Qb4 47.Rad1 Rc3 48.Bf3 Qb3 49.e6 Rb7
50.Be4 Nf6 51.Rb1 Qxe6 52.Rxb7 {#r} 1-0

[Event "It (open)"]
[Site "masterchessopen.com Calcutta (India)"]
[Date "2008.03.26"]
[Round "3"]
[White "Laznicka Viktor (CZE)"]
[Black "Venkatesh M R (IND)"]
[Result "1-0"]
[WhiteElo "2591"]
[BlackElo "2468"]

1.d4 Nf6 2.c4 e6 3.g3 d5 4.Bg2 Be7 5.Nf3 dxc4 6.O-O c6 7.Ne5 Nbd7 8.Nxc4 O-O
9.Nc3 Nb6 10.Ne5 Nfd5 11.Qb3 Nd7 12.Nd3 b6 13.e4 Nxc3 14.bxc3 Ba6 15.c4 b5
16.cxb5 Bxb5 17.Rd1 Nb6 18.a4 Qxd4 19.Nb2 Bc4 20.Qc2 Qc5 21.a5 Qb5 22.Nxc4
Qxc4 23.Ra2 Qxc2 24.Rxc2 Nc8 25.e5 Bb4 26.Bxc6 Rb8 27.a6 Ne7 28.Bb7 Nd5
29.Bxd5 exd5 30.Rxd5 Rb6 31.Rc4 Be7 32.Rd7 Re6 33.Rxa7 Bd8 34.Ba3 Rfe8 35.Bd6
{#r} 1-0

[Event "Ch Vietnam"]
[Site "masterchessopen.com Dalat City (Vietnam)"]
[Round "2"]
[White "Doan Van Duc (VIE)"]
[Black "Dang The Nam (VIE)"]
[Result "1-0"]
[WhiteElo "2106"]
[BlackElo "2142"]

1.c4 e6 2.g3 Nf6 3.Bg2 d5 4.d4 Be7 5.Nf3 dxc4 6.Qa4+ Bd7 7.Qxc4 Bc6 8.O-O Nbd7
9.Nc3 O-O 10.Qd3 Bxf3 11.Bxf3 c6 12.Rd1 Qb6 13.e4 Rfd8 14.Qe2 e5 15.d5 c5
16.Be3 a6 17.Rac1 Rac8 18.Na4 Qa5 19.Qc2 Bd6 20.b4 cxb4 21.Qxc8 Rxc8 22.Rxc8+
Nf8 23.Bc5 Qxa4 24.Bxd6 Ne8 25.Bxf8 Kxf8 26.d6 Qd7 27.Rb8 g6 28.Rxb7 Qd8 29.d7
{#r} 1-0

[Event "It (open)"]
[Site "masterchessopen.com Voronezh (Russia)"]
[Date "2008.06.19"]
[Round "7"]
[White "Korobkov Piotr (UKR)"]
[Black "Provotorov Ivan (RUS)"]
[Result "1-0"]
[WhiteElo "2509"]
[BlackElo "2407"]

1.d4 Nf6 2.c4 e6 3.g3 d5 4.Nf3 dxc4 5.Bg2 Be7 6.Qa4+ Nbd7 7.Qxc4 a6 8.Qc2 c5
9.O-O O-O 10.Rd1 Qc7 11.Nc3 cxd4 12.Nxd4 Nc5 13.Na4 Bd7 14.Nxc5 Bxc5 15.b4 Ba4
16.Qxa4 Bxd4 17.Rxd4 Qc3 18.Bb2 Qxb2 19.Rad1 Qxe2 20.Bxb7 Ra7 21.Bg2 h6 22.Bf1
Qf3 23.b5 Qb7 24.bxa6 Qb6 25.Qb5 Rb8 26.Rb1 {#r} 1-0

[Event "It (open) (b)"]
[Site "masterchessopen.com Dortmund (Germany)"]
[Date "2008.07.03"]
[Round "6"]
[White "Ropers Klaus (GER)"]
[Black "Kasraei Amir Reza (GER)"]
[Result "1-0"]
[WhiteElo "1887"]
[BlackElo "1859"]

1.d4 d5 2.Nf3 Nf6 3.c4 e6 4.g3 dxc4 5.Bg2 Be7 6.O-O O-O 7.Qc2 c5 8.Rd1 Qb6
9.Na3 Na6 10.Nxc4 Nb4 11.Qb3 Qa6 12.a3 b5 13.dxc5 Bxc5 14.Nce5 Nbd5 15.Qc2
Bxf2+ 16.Kxf2 Bb7 17.Kg1 Rac8 18.Qd3 Rfd8 19.Bg5 Qb6+ 20.Qd4 {#r} 1-0

[Event "It \"]
[Site "masterchessopen.com Philadelphia (USA)"]
[Date "2008.07.04"]
[Round "4"]
[White "Mikhalevski Victor (ISR)"]
[Black "Battaglini Gabriel (FRA)"]
[Result "1-0"]
[WhiteElo "2602"]
[BlackElo "2318"]

1.d4 d5 2.c4 e6 3.Nf3 dxc4 4.g3 Nf6 5.Bg2 Be7 6.O-O O-O 7.Qc2 a6 8.a4 Nbd7
9.Nbd2 c5 10.dxc5 Bxc5 11.Nxc4 Qe7 12.e4 e5 13.b3 Ne8 14.Ne3 Bxe3 15.fxe3 Ndf6
16.Ba3 Nd6 17.Rad1 Rd8 18.Rd3 Bg4 19.Nh4 Rd7 20.h3 Be6 21.Qc5 Rad8 22.Qxe5 Bc4
23.Qxe7 Bxd3 24.Qxd8+ Rxd8 25.Rd1 {#r} 1-0

[Event "It (open) \"]
[Site "masterchessopen.com Helsingor (Denmark)"]
[Date "2008.07.21"]
[Round "4"]
[White "Jorgensen Dennis (DEN)"]
[Black "Moor Olivier (SUI)"]
[Result "0-1"]
[WhiteElo "2180"]
[BlackElo "2365"]

1.d4 Nf6 2.Nf3 e6 3.c4 d5 4.g3 dxc4 5.Bg2 Be7 6.Qa4+ Bd7 7.Qxc4 Bc6 8.Nc3 a6
9.Qd3 b5 10.a3 Nbd7 11.O-O Bb7 12.Rd1 c5 13.dxc5 Nxc5 14.Qc2 Qb6 15.Be3 Qc7
16.Bf4 Qc8 17.Rac1 O-O 18.b4 Nce4 19.Qb3 Qe8 20.Nxe4 Bxe4 21.Be5 Rc8 22.Qe3
Rxc1 23.Rxc1 Qa8 24.h3 h6 25.Qb6 Nd7 26.Qc7 Nxe5 27.Qxe5 Bf6 28.Qf4 Bb2 29.Rc7
Bxa3 30.Ne5 Bxg2 31.Nxf7 Bxh3 {#R} 0-1

[Event "It (open) \"]
[Site "masterchessopen.com Helsingor (Denmark)"]
[Date "2008.07.21"]
[Round "4"]
[White "Krasenkova Ilena (RUS)"]
[Black "Nielsen Rogvi E (FAI)"]
[Result "1-0"]
[WhiteElo "2170"]
[BlackElo "1894"]

1.d4 d5 2.c4 e6 3.Nf3 Nf6 4.g3 Be7 5.Bg2 dxc4 6.O-O O-O 7.Na3 Bxa3 8.bxa3 Nbd7
9.Qc2 a6 10.Qxc4 b5 11.Qc2 Bb7 12.a4 Be4 13.Qb3 c6 14.Ba3 Re8 15.Rfd1 Bd5
16.Qb2 Nb6 17.axb5 Nc4 18.Qc1 cxb5 19.Bc5 Qc7 20.Bb4 Qb7 21.Qg5 a5 22.Be1 Rec8
23.Nh4 Ne4 24.Bxe4 Bxe4 25.f3 h6 26.Qh5 Bh7 27.Ng2 Nb2 28.Rdc1 Rxc1 29.Rxc1
Nc4 30.a4 Na3 31.axb5 Qxb5 32.Qc5 Qxc5 33.dxc5 a4 34.c6 Nb5 35.Rc5 Nc7 36.Ba5
Nd5 37.c7 Rc8 38.e4 Ne7 39.Rc4 a3 40.Ra4 f5 41.exf5 Bxf5 42.g4 Bg6 43.Rxa3 Ra8
44.Bb4 Rxa3 45.Bxa3 Nc8 46.Nf4 Bf7 47.Kf2 g6 48.Ke3 Kg7 49.Ke4 Kf6 50.Bb2+ Ke7
51.Ke5 Nb6 52.Ba3+ Ke8 53.Kf6 g5 54.Nxe6 Nd5+ 55.Ke5 Bxe6 56.Kxe6 Nxc7+ 57.Kf6
Kd7 58.Bf8 Nb5 59.Bxh6 Nd4 60.Bxg5 Nxf3 61.Bf4 Ke8 62.Bg3 Kf8 63.h4 Kg8 64.h5
Nd2 65.Kf5 Nf3 66.g5 Nd4+ 67.Kf6 Ne2 68.Be5 Ng1 69.g6 Nf3 70.h6 {#r} 1-0

[Event "Tournament (open)"]
[Site "masterchessopen.com Dmitrov (Russia)"]
[Date "2008.07.22"]
[Round "2"]
[White "Kiseljova Marya (RUS)"]
[Black "Kazennov Ivan (RUS)"]
[Result "1-0"]
[WhiteElo "2056"]
[BlackElo "1807"]

1.d4 d5 2.c4 e6 3.Nf3 Be7 4.g3 Nf6 5.Bg2 dxc4 6.O-O O-O 7.Nbd2 b5 8.a4 c6
9.Ne5 Nd5 10.e4 Nc7 11.Nb1 Bb7 12.Be3 a6 13.b3 cxb3 14.axb5 cxb5 15.Qxb3 Nc6
16.Nxc6 Bxc6 17.Rc1 Qd7 18.Qc2 Bxe4 19.Bxe4 {#r} 1-0

[Event "It (open)"]
[Site "masterchessopen.com Rennes (France)"]
[Date "2008.07.29"]
[Round "2"]
[White "Le Marec Simon (FRA)"]
[Black "Collet Davy (FRA)"]
[Result "1-0"]
[WhiteElo "2048"]
[BlackElo "1803"]

1.Nf3 Nf6 2.d4 e6 3.g3 d5 4.Bg2 Be7 5.c4 dxc4 6.Qa4+ Nbd7 7.O-O O-O 8.Qxc4 Nb6
9.Qc2 c6 10.Rd1 Bd7 11.b3 Nfd5 12.Nbd2 f5 13.Bb2 Be8 14.Ne5 Nc8 15.Rac1 Nd6
16.Ndc4 Rc8 17.Ba3 Nb5 18.Bxe7 Qxe7 19.Qb2 Bg6 20.e4 Nf6 21.Nxg6 hxg6 22.Ne5
Kh7 23.a4 Nc7 24.f3 Nd7 25.Nc4 Nf6 26.b4 a6 27.Ne5 Nd7 28.Nd3 Nf6 29.Nc5 Rb8
30.Qe2 Rfd8 31.Qe3 b6 32.Nd3 Qe8 33.Ne5 Rd6 34.Rc2 Rbd8 35.Nc4 c5 36.bxc5 bxc5
37.Nxd6 Rxd6 38.Rxc5 Qxa4 39.Rdc1 Nb5 40.R5c4 Qa5 41.e5 Nd5 42.Qg5 Rd8 43.h4
Qb6 44.h5 gxh5 45.Qxh5+ Kg8 46.Qh4 Na7 47.Bf1 Rf8 48.Bd3 Qb2 49.Qh2 Qa3 50.Qd2
Rb8 51.g4 Rb2 52.R4c2 Rb6 53.gxf5 exf5 54.Bxf5 Qxf3 55.Qg5 Qe3+ 56.Qxe3 Nxe3
57.Rf2 a5 58.Bb1 Rb4 59.Ba2+ Kh7 60.Rc3 Nd1 61.Rh3+ Kg6 {#r} 1-0

[Event "It (open)"]
[Site "masterchessopen.com Vlissingen (Netherlands)"]
[Date "2008.08.03"]
[Round "2"]
[White "Tiggelman Rene (NED)"]
[Black "Bjornes Leif (NOR)"]
[Result "1-0"]
[WhiteElo "2213"]
[BlackElo "1954"]

1.d4 d5 2.Nf3 Nf6 3.c4 e6 4.g3 dxc4 5.Bg2 Be7 6.O-O c6 7.Ne5 O-O 8.Nxc4 b5
9.Ne5 Bb7 10.Nc3 Qb6 11.Be3 Nd5 12.Bxd5 cxd5 13.Qb3 Ba6 14.Rac1 Rd8 15.Nb1 f6
16.Nd3 Nd7 17.Nf4 b4 18.Nd2 Rac8 19.Rxc8 Rxc8 20.Nxd5 Qd6 21.Nf4 Kf7 22.Ne4
Qc6 23.Nc5 Nxc5 24.dxc5 Bb7 25.f3 Bxc5 26.Kg2 Bxe3 27.Qxe3 e5 28.Nd3 a5 29.Rc1
Qa6 30.Nc5 Qb6 31.Qb3+ Ke7 32.Qc2 g6 33.h4 Bd5 34.b3 Qc6 35.Qd2 Rc7 36.Nd3 Qb7
37.Rxc7+ Qxc7 38.Nxb4 Bxb3 39.axb3 axb4 40.Qxb4+ Ke6 41.Qb5 Kd6 42.Qd3+ Kc5
43.Qc4+ Kb6 44.Qxc7+ Kxc7 45.Kf2 g5 46.Ke3 Kd6 47.hxg5 fxg5 48.g4 Kd5 49.b4
{#r} 1-0

[Event "It (open) (c)"]
[Site "masterchessopen.com Polanica Zdroj (Poland)"]
[Date "2008.08.20"]
[Round "2"]
[White "Zajaczkowski Piotr (POL)"]
[Black "Kwasnicki Andrzej (POL)"]
[Result "0-1"]
[WhiteElo "1709"]
[BlackElo "1683"]

1.Nf3 Nf6 2.d4 d5 3.c4 e6 4.g3 dxc4 5.Bg2 Be7 6.Qc2 O-O 7.Qxc4 c5 8.O-O cxd4
9.Nxd4 Nbd7 10.Rd1 Nb6 11.Qc2 Qe8 12.Nc3 a6 13.Nb3 Na4 14.Nxa4 Qxa4 15.Rd4 Qb5
16.a4 Qh5 17.Rh4 Qg6 18.Qxg6 hxg6 19.Rd4 e5 20.Rc4 Be6 21.Rc7 Bxb3 22.Rxe7
Rfd8 23.Be3 Rd1+ 24.Rxd1 Bxd1 25.Bxb7 Re8 26.Rxe8+ Nxe8 27.Bc6 Nd6 28.Bc5 Nc4
29.b4 Bxe2 30.b5 Na5 31.Bd7 Nb7 32.Bb4 axb5 33.axb5 Bf3 34.Bc6 {#R} 0-1

[Event "Ch Europe (juniors) (under 12)"]
[Site "masterchessopen.com Herceg Novi (Montenegro)"]
[Date "2008.09.15"]
[Round "1"]
[White "Lugovskoy Maxim (RUS)"]
[Black "Ignat Ilie (MDA)"]
[Result "1-0"]
[WhiteElo "2039"]
[BlackElo "1543"]

1.d4 Nf6 2.Nf3 d5 3.c4 e6 4.g3 Be7 5.Bg2 dxc4 6.O-O O-O 7.Qc2 Nbd7 8.Qxc4 c5
9.Rd1 Qb6 10.Nc3 cxd4 11.Nxd4 Ne5 12.Qb3 Qxb3 13.axb3 Rd8 14.h3 Bb4 15.Be3
Bxc3 16.bxc3 Nd5 17.Nb5 a6 18.Nc7 Rb8 19.Ba7 {#r} 1-0

[Event "Ch Finland (team) 2008/09"]
[Site "masterchessopen.com Finland"]
[Date "2008.10.04"]
[Round "3"]
[White "Toivola Jari (FIN)"]
[Black "Kokkila Tero (FIN)"]
[Result "0-1"]
[WhiteElo "2224"]
[BlackElo "2340"]

1.d4 Nf6 2.g3 d5 3.Bg2 e6 4.Nf3 Be7 5.c4 dxc4 6.O-O O-O 7.Ne5 a6 8.Nc3 Ra7
9.a4 b6 10.Nxc4 Bb7 11.e4 Nc6 12.Be3 Nb4 13.a5 b5 14.Ne5 Ra8 15.Qe2 Rc8
16.Rfd1 Nd7 17.Nxb5 axb5 18.Qxb5 Nxe5 19.Qxb7 Rb8 20.dxe5 Rxb7 {#R} 0-1

[Event "World Mindsports Games (Blitz Pair)"]
[Site "masterchessopen.com Beijing (China)"]
[Date "2008.10.08"]
[Round "6"]
[White "Cua Sherily (PHI)"]
[Black "Sukandar I"]
[Result "0-1"]
[WhiteElo "2143"]
[BlackElo "2303"]

1.d4 Nf6 2.c4 e6 3.g3 d5 4.Bg2 Be7 5.Nf3 dxc4 6.Qa4+ Nc6 7.Qxc4 O-O 8.O-O a6
9.a4 Nb4 10.Ne5 b5 11.Qc3 Rb8 12.axb5 axb5 13.Ra7 Nbd5 14.Qb3 Qd6 15.e4 Nb6
16.Rd1 Bb7 17.Nc3 b4 18.Nb5 Qd8 19.Qe3 c6 20.Rxb7 Rxb7 21.Nxc6 Qe8 22.Nxe7+
Rxe7 23.Bf1 Qc6 24.Bd2 Qc2 25.Re1 Qxb2 26.Qd3 Rc8 27.Rb1 Qc2 28.Bxb4 Qxd3
29.Bxd3 Rd7 30.e5 Rd5 31.exf6 gxf6 32.Bf1 Nd7 33.Nd6 Rb8 34.Ne4 Rxd4 35.Rc1
Rdxb4 36.Nd6 Rb1 37.Rxb1 Rxb1 38.Kg2 Ne5 39.Ne4 Kg7 40.h3 Rb2 41.g4 Ng6 42.Kg3
Ne5 43.f4 Rb3+ 44.Kf2 Ng6 45.f5 exf5 46.gxf5 Ne7 47.Ng3 Rc3 48.Nh5+ Kh6
49.Nxf6 Nxf5 50.Ng4+ Kg5 51.Bg2 Nh4 52.Bf1 Rf3+ 53.Kg1 h5 54.Ne5 Rf5 55.Nd3
Nf3+ 56.Kg2 Ne5 57.Nf2 Ng6 58.Bc4 f6 59.Bb3 Nf4+ 60.Kg3 h4+ 61.Kh2 Rb5 62.Bc4
Rb2 63.Kg1 Rc2 64.Bf1 Nh5 65.Bd3 Rc1+ 66.Kg2 Nf4+ 67.Kf3 Nxd3 68.Nxd3 Rc3
69.Ke3 Rxd3+ 70.Kxd3 Kf4 71.Kd4 {#R} 0-1

[Event "World Mindsports Games (Blitz Team w)"]
[Site "masterchessopen.com Beijing (China)"]
[Date "2008.10.13"]
[Round "11"]
[White "Houska Jovanka (ENG)"]
[Black "Schink Barbara (AUT)"]
[Result "1-0"]
[WhiteElo "2399"]
[BlackElo "2031"]

1.d4 d5 2.Nf3 Nf6 3.c4 e6 4.g3 dxc4 5.Bg2 Be7 6.O-O O-O 7.Qc2 Nc6 8.Qxc4 Rb8
9.Nc3 Re8 10.Bg5 h6 11.Bxf6 Bxf6 12.Rfd1 Qe7 13.e4 e5 14.d5 Nd4 15.Nxd4 exd4
16.Ne2 c5 17.Rac1 b6 18.f4 g6 19.e5 Bxe5 20.fxe5 Qxe5 21.Nf4 Bf5 22.b4 g5
23.Nd3 Qe3+ 24.Nf2 Bg4 25.Rd3 Qe1+ 26.Bf1 Qe7 27.Nxg4 {#r} 1-0

[Event "It (open)"]
[Site "masterchessopen.com Le Touquet (France)"]
[Date "2008.11.01"]
[Round "9"]
[White "Steffenello Leonard (BRA)"]
[Black "Gervasio Ricardo (BRA)"]
[Result "1-0"]
[WhiteElo "2162"]
[BlackElo "2297"]

1.d4 Nf6 2.c4 e6 3.g3 d5 4.Bg2 dxc4 5.Nf3 Be7 6.O-O O-O 7.Ne5 c5 8.dxc5 Qc7
9.Nxc4 Bxc5 10.Be3 Bxe3 11.Nxe3 Bd7 12.Nd2 Bc6 13.Rc1 Qe7 14.Nf3 Na6 15.Qd4
Rfd8 16.Qh4 Nc7 17.Rfd1 Rac8 18.Ng4 Nce8 19.Nge5 Bb5 20.e3 Qc5 21.h3 Qxc1
22.Rxc1 Rxc1+ 23.Kh2 Nd6 24.Ng4 Nxg4+ 25.hxg4 Rcc8 26.g5 Rc4 27.Qh3 Ne4 28.Ne5
Nxf2 29.Qh5 Rc7 30.Nxf7 Rxf7 31.g6 hxg6 32.Qxb5 Ng4+ 33.Kh3 Nxe3 34.Qg5 Rd3
35.Be4 {#r} 1-0